| 000 | 00420nam a2200181Ia 4500 | ||
|---|---|---|---|
| 008 | 090124s9999 xx 000 0 und d | ||
| 082 | _b1805 | ||
| 100 | _aHUSAIN MAHMUD | ||
| 245 | _aTHE QUEST FOR EMPIRE | ||
| 250 | _a1 | ||
| 260 |
_bDACCA _c1937 |
||
| 300 | _a238 | ||
| 600 | _aHUSAIN MAHMUD | ||
| 630 | _aTHE QUEST FOR EMPIRE | ||
| 700 | _aHUSAIN MAHMUD | ||
| 730 | _aTHE QUEST FOR EMPIRE | ||
| 942 | _cBOOK | ||
| 999 |
_c82112 _d82112 |
||